书目信息 |
| 题名: |
砌筑工
|
|
| 作者: | 赵志刚 , 高克送 主编 | |
| 分册: | ||
| 出版信息: | 北京 中国建筑工业出版社 2016.12 |
|
| 页数: | 11,119页 | |
| 开本: | 21cm | |
| 丛书名: | ||
| 单 册: | ||
| 中图分类: | TU754.1 | |
| 科图分类: | ||
| 主题词: | 砌筑--技术培训--教材 | |
| 电子资源: | ||
| ISBN: | 978-7-112-19851-1 | |
| 000 | 00864nam0 2200253 450 | |
| 001 | 0100004501 | |
| 005 | 20190306112152.49 | |
| 010 | @a978-7-112-19851-1@dCNY16.00 | |
| 100 | @a20170413d2016 em y0chiy50 ea | |
| 101 | 0 | @achi |
| 102 | @aCN@b110000 | |
| 105 | @aa z 000yy | |
| 200 | 1 | @a砌筑工@Aqi zhu gong@f本书编委会编 |
| 210 | @a北京@c中国建筑工业出版社@d2016.12 | |
| 215 | @a11,119页@c图,照片@d21cm | |
| 300 | @a建筑工人技能培训教程 | |
| 314 | @a主编:赵志刚,高克送 | |
| 330 | @a本书共分7章,包括砌筑材料、砌体施工工具及机械、砖砌体工程施工、石砌体的砌筑施工、配筋砌体构件施工、砌筑工程的季节施工、砌筑施工安全技术以及劳动保护。 | |
| 606 | 0 | @a砌筑@x技术培训@j教材 |
| 690 | @aTU754.1@v5 | |
| 701 | 0 | @a赵志刚@Azhao zhi gang@4主编 |
| 701 | 0 | @a高克送@Agao ke song@4主编 |
| 801 | 0 | @aCN@c201701015 |
| 905 | @a河南城建学院图书馆@dTU754.1@eZ341 | |
| 砌筑工/本书编委会编.-北京:中国建筑工业出版社,2016.12 |
| 11,119页:图,照片;21cm |
| 建筑工人技能培训教程 |
| ISBN 978-7-112-19851-1:CNY16.00 |
| 本书共分7章,包括砌筑材料、砌体施工工具及机械、砖砌体工程施工、石砌体的砌筑施工、配筋砌体构件施工、砌筑工程的季节施工、砌筑施工安全技术以及劳动保护。 |
| ● |
| 相关链接 |
|
|
|
正题名:砌筑工
索取号:TU754.1/Z341
 
预约/预借
| 序号 | 登录号 | 条形码 | 馆藏地/架位号 | 状态 | 备注 |
| 1 | 1305784 | 213057840 | 建筑库201/201建筑库 71排2列5层/ [索取号:TU754.1/Z341] | 在馆 | |
| 2 | 1365721 | 213657210 | 建筑库201/201建筑库 71排2列5层/ [索取号:TU754.1/Z341] | 在馆 | |
| 3 | 1365722 | 213657229 | 建筑库201/201建筑库 71排2列5层/ [索取号:TU754.1/Z341] | 在馆 |